Mixed Word: Shades of Blue Quiz Stats

 Plays Quiz Updated Jan 7, 2013

     
Support Sporcle.
Go Orange.
Score 0/20 Timer 03:00
1 Play Today
Mixed Word Shade of Blue % Correct
ABYBBaby
99.2%
KSYSky
96.7%
AAQUAqua
96.3%
YANVNavy
95.7%
ELATTeal
91.3%
IDNIHGMTMidnight
90.4%
RZEUAAzure
82.6%
QSURTOIUETurquoise
82%
YLROARoyal
80.4%
DGIONIIndigo
79.8%
Mixed Word Shade of Blue % Correct
YACNCyan
77.4%
LETSESteel
75.8%
LAOCTBCobalt
59.2%
WROPEDPowder
48%
PRASHPEISapphire
26.2%
RLUNAECECerulean
24.6%
RCETCLEIElectric
15.8%
LNACRAOICarolina
10.8%
TNGAIEYPEgyptian
10.2%
RLEAFDEFederal
10%

From the Vault

Criteria Missing Letters

by AuroraIllumina

If you find the missing letters, can you please bring them back?
Remove Ads.
Support Sporcle.
Get the best of Sporcle when you Go Orange. This ad-free experience offers more features, more stats, and more fun while also helping to support Sporcle. Thank you for becoming a member.

Show Comments

Extras

Top Quizzes Today


Score Distribution

Your Account Isn't Verified!

In order to create a playlist on Sporcle, you need to verify the email address you used during registration. Go to your Sporcle Settings to finish the process.

Report this User

Report this user for behavior that violates our Community Guidelines.

Details: